El usufructo de derechos ("Inclusive", de títulos-valores).

Bewaard in:
Bibliografische gegevens
Hoofdauteur: Dalmases y Jordana, Joaquín de (autor)
Formaat: Boek
Gepubliceerd in: Madrid, España: Revista de Derecho Privado, 1932.
Onderwerpen:
Tags: Voeg label toe
Geen labels, Wees de eerste die dit record labelt!

MARC

LEADER 00000nam a22000007a 4500
003 CL-VaPUC
005 20220822114601.0
008 220708t1932 ||||| |||| 00| 0 eng d
999 |c 436868  |d 436866 
040 |c Pontificia Universidad Católica de Valparaíso 
082 7 |a 346.4604 DAL 1932  |2 22 
100 1 |a Dalmases y Jordana, Joaquín de   |e autor  |9 872523 
245 1 3 |a El usufructo de derechos ("Inclusive", de títulos-valores). 
260 |a Madrid, España:  |b Revista de Derecho Privado,   |c 1932. 
300 |a 255 páginas. 
500 |a c.1 Donación Familia Prof. Alejandro Guzmán Brito. 
583 |c 20220708  |k Cristina María Rojas Aguilar 
650 |a Derechos reales   |x España  |9 872584 
942 |2 ddc  |c BK  |n 0 
952 |0 0  |1 0  |2 ddc  |4 0  |6 346_460400000000000_DAL_1932  |7 0  |8 C_AGB  |9 584598  |a BIBDER  |b BIBDER  |d 2022-07-08  |e Donación   |i 5652720  |o 346.4604 DAL 1932  |p 5652720  |r 2023-01-25  |t 1  |w 2022-07-08  |y BK_US  |k AGB